[Event "Hilversum op"]
[Site "Hilversum"]
[Date "2022.06.17"]
[Round "2"]
[White "Dekker, Jasper"]
[Black "Tabak, Stefan"]
[Result "0-1"]
[WhiteElo "1860"]
[BlackElo "2164"]
[PlyCount "144"]
[EventDate "2022.06.17"]
[EventType "swiss"]
[EventRounds "6"]
[EventCountry "NED"]
[SourceTitle "CBM 208 Extra"]
[Source "ChessBase"]
[SourceDate "2022.07.31"]
[SourceVersion "1"]
[SourceVersionDate "2022.07.31"]
[SourceQuality "1"]

1. e4 c5 2. c3 e5 3. Nf3 Nf6 4. Nxe5 Qe7 5. d4 Nc6 6. Bd3 cxd4 7. Nxc6 dxc6 8. cxd4 Qb4+ 9. Bd2 Qxd4 10. Bc3 Bb4 11. 0-0 Bxc3 12. Nxc3 Bg4 13. Qc2 Rd8 14. e5 Qxd3 15. Qxd3 Rxd3 16. exf6 gxf6 17. Ne4 Ke7 18. Rae1 Be6 19. f4 f5 20. Nc3 Rhd8 21. Rf2 Kf6 22. a3 a5 23. g3 b5 24. Rc1 Rd2 25. Rc2 Rxf2 26. Kxf2 Bb3 27. Re2 b4 28. axb4 axb4 29. Nb1 c5 30. Ke3 c4 31. Rd2 Re8+ 32. Kf2 Ba2 33. Rd1 Rc8 34. Ke3 Re8+ 35. Kf2 Ra8 36. Ke3 Bb3 37. Rd6+ Ke7 38. Rb6 Ba2 39. Nd2 c3 40. bxc3 bxc3 41. Nb3 c2 42. Kd2 Rc8 43. Kc1 Rc4 44. Na5 Rc3 45. Nc6+ Kf8 46. Nd4 Bb1 47. Nxf5 Ke8 48. Nd6+ Ke7 49. Nf5+ Kd7 50. Rd6+ Kc7 51. Rd2 Rf3 52. Rxc2+ Bxc2 53. Kxc2 Rf2+ 54. Kd3 Rxh2 55. Ke4 Kd7 56. Kf3 Ke6 57. Kg4 Ra2 58. Ng7+ Kf6 59. Nh5+ Kg6 60. f5+ Kh6 61. Nf4 Ra4 62. f6 Rb4 63. Kf5 Rb5+ 64. Ke4 Kg5 65. Nd5 h6 66. Nc3 Ra5 67. Nd5 Ra3 68. Ne3 Kxf6 69. Kf4 Ra4+ 70. Kf3 Kg5 71. Kg2 Ra3 72. Nc2 Ra2 0-1

[Event "Groningen op-B 55th"]
[Site "Groningen"]
[Date "2017.12.29"]
[Round "8"]
[White "Husers, Yannic"]
[Black "Dekker, Jasper"]
[Result "1/2-1/2"]
[WhiteElo "1848"]
[BlackElo "1700"]
[PlyCount "88"]
[EventDate "2017.12.22"]
[EventType "swiss"]
[EventRounds "9"]
[EventCountry "NED"]
[SourceTitle "CBM 182 Extra"]
[Source "ChessBase"]
[SourceDate "2018.02.23"]
[SourceVersion "1"]
[SourceVersionDate "2018.02.23"]
[SourceQuality "1"]

1. f4 c5 2. b3 d5 3. Nf3 Nc6 4. e3 Nf6 5. Bb2 g6 6. Bd3 Bg7 7. 0-0 0-0 8. a3 Qb6 9. Nc3 c4 10. Be2 cxb3 11. cxb3 Bf5 12. Ne5 Qd8 13. g4 d4 14. Nxc6 bxc6 15. Na4 d3 16. Bf3 Be4 17. Nc5 Qd5 18. Nxe4 Nxe4 19. Bxg7 Kxg7 20. Rc1 f5 21. Rc4 Rab8 22. Bxe4 fxe4 23. Qa1+ Kg8 24. Qc3 Rb6 25. Rc1 Rfb8 26. b4 a5 27. Rc5 Qe6 28. f5 axb4 29. axb4 Qf6 30. Qc4+ Qf7 31. fxg6 hxg6 32. Rxc6 Qxc4 33. R6xc4 Rxb4 34. Rxb4 Rxb4 35. Kf2 Kf7 36. Kg3 Rb2 37. Rd1 g5 38. Rf1+ Kg6 39. Rf2 Rb1 40. Rg2 Rf1 41. Rf2 Rg1+ 42. Kh3 Rd1 43. Kg3 Rg1+ 44. Rg2 Rf1 1/2-1/2

[Event "Groningen op-B 55th"]
[Site "Groningen"]
[Date "2017.12.24"]
[Round "4"]
[White "Dekker, Jasper"]
[Black "De Boer, Sake Jan"]
[Result "1-0"]
[WhiteElo "1700"]
[BlackElo "1524"]
[PlyCount "55"]
[EventDate "2017.12.22"]
[EventType "swiss"]
[EventRounds "9"]
[EventCountry "NED"]
[SourceTitle "CBM 182 Extra"]
[Source "ChessBase"]
[SourceDate "2018.02.23"]
[SourceVersion "1"]
[SourceVersionDate "2018.02.23"]
[SourceQuality "1"]

1. e4 e6 2. d4 d5 3. e5 c5 4. c3 Nc6 5. Nf3 Qb6 6. Bd3 Bd7 7. 0-0 cxd4 8. cxd4 Nge7 9. Nc3 Nxd4 10. Nxd4 Qxd4 11. Nb5 Qxe5 12. Re1 Qb8 13. Qf3 e5 14. Rxe5 Qxe5 15. Bf4 Qxb2 16. Nd6+ Kd8 17. Nxf7+ Ke8 18. Nd6+ Kd8 19. Rb1 Qf6 20. Nxb7+ Ke8 21. Nd6+ Kd8 22. h4 h6 23. Nf7+ Ke8 24. Nxh8 g6 25. Re1 Qxh8 26. Qxd5 Rc8 27. Bxg6+ Kd8 28. Qa5+ 1-0